Radford Basketball: Top 10 All-Time Leaders - Statistics

General Stats
  • This quiz has been taken 1 time
    0 since last reset
  • The average score is 0 of 90
Answer Stats
Category # Player Amount % Correct
Assists 1 Amir Johnson 604
0%
Steals 4 Amir Johnson 190
0%
Assists 8 Andre Bynum 312
0%
Rebounds 4 Andy Savtchenko 823
0%
Points 6 Anthony Walker 1,601
0%
Assists 2 Anthony Walker 510
0%
Steals T5 Anthony Walker 183
0%
Three Pointers Made T7 Anthony Walker 220
0%
Field Goal Percent 10 Anthony Walker 43.0%
0%
Points Per Game 5 Anthony Walker 14.7
0%
Rebounds 6 Artsiom Parakhouski 755
0%
Blocks 6 Artsiom Parakhouski 115
0%
Field Goal Percent 1 Artsiom Parakhouski 56.1%
0%
Points Per Game 1 Artsiom Parakhouski 18.7
0%
Rebounds 7 Aswan Wainwright 755
0%
Steals T5 Blake Smith 183
0%
Blocks 4 Brandon Holcomb 149
0%
Games T2 Brandon Holcomb 132
0%
Three Pointers Made T7 Caleb Tanner 220
0%
Points 8 Carlik Jones 1,552
0%
Assists 3 Carlik Jones 469
0%
Field Goal Percent 8 Carlik Jones 45.8%
0%
Points Per Game 4 Carlik Jones 15.7
0%
Assists 9 Chris Hawkins 310
0%
Steals 8 Chris Hawkins 167
0%
Points 4 Chris Oliver 1,659
0%
Rebounds 3 Chris Oliver 845
0%
Blocks 8 Chris Oliver 104
0%
Field Goal Percent 5 Chris Oliver 50.6%
0%
Points Per Game 6 Chris Oliver 14.6
0%
Three Pointers Made 4 Corey Reed 232
0%
Rebounds 5 Correy Watkins 816
0%
Blocks 10 Correy Watkins 94
0%
Points Per Game 8 DaQuan Smith 14.4
0%
Three Pointers Made 5 Donald Hicks 225
0%
Games T6 Donald Hicks 130
0%
Points 10 Don Burgess 1,452
0%
Steals 10 Don Burgess 162
0%
Points 1 Doug Day 2,027
0%
Three Pointers Made 1 Doug Day 401
0%
Points Per Game 3 Doug Day 17.3
0%
Points 7 Ed Polite, Jr. 1,558
0%
Rebounds 1 Ed Polite, Jr. 1,119
0%
Steals 2 Ed Polite, Jr. 199
0%
Blocks 3 Ed Polite, Jr. 159
0%
Field Goal Percent 6 Ed Polite, Jr. 50.3%
0%
Games T4 Ed Polite, Jr. 131
0%
Blocks 9 Eric Hall 99
0%
Blocks 5 Eric Parker 124
0%
Blocks 7 Jalen Carethers 108
0%
Field Goal Percent 9 Jason Williams 43.7%
0%
Points Per Game 10 Jason Williams 12.6
0%
Points 2 Javonte Green 1,911
0%
Rebounds 2 Javonte Green 1,064
0%
Steals 1 Javonte Green 243
0%
Field Goal Percent 2 Javonte Green 51.9%
0%
Points Per Game 7 Javonte Green 14.4
0%
Games 1 Javonte Green 133
0%
Rebounds 10 Joey Lynch-Flohr 666
0%
Games T9 Josiah Jeffers 127
0%
Games T9 Justin Cousin 127
0%
Rebounds 8 Kevin Robinson 745
0%
Games 8 Kion Brown 128
0%
Games T2 Kyle Noreen 132
0%
Three Pointers Made 9 Leslie Ballard 202
0%
Assists 10 Mike Hornbuckle 295
0%
Blocks 2 Nosa Obasuyi 164
0%
Assists 4 Rashun Davis 457
0%
Steals 7 Rashun Davis 170
0%
Games T6 Rashun Davis 130
0%
Points 9 Raymond Arrington 1,456
0%
Three Pointers Made 3 Raymond Arrington 289
0%
Points Per Game 9 Raymond Arrington 13.0
0%
Points 5 R.J. Price 1,649
0%
Assists 7 R.J. Price 369
0%
Steals 9 R.J. Price 166
0%
Three Pointers Made 2 R.J. Price 301
0%
Games T4 R.J. Price 131
0%
Assists 6 Rod Cousin 383
0%
Steals 3 Rod Cousin 192
0%
Field Goal Percent 4 Ron Burgess 50.8%
0%
Field Goal Percent 3 Ron Shelburne 51.5%
0%
Rebounds 9 Tyrone Travis 718
0%
Blocks 1 Tyrone Travis 215
0%
Field Goal Percent 7 Tyrone Travis 48.1%
0%
Points 3 Whit Holcomb-Faye 1,856
0%
Assists 5 Whit Holcomb-Faye 417
0%
Three Pointers Made 10 Whit Holcomb-Faye 193
0%
Points Per Game 2 Whit Holcomb-Faye 17.7
0%
Three Pointers Made 6 Ya Ya Anderson 222
0%
No matching quizzes found
Score Distribution
Percent of People with Each Score
Percentile by Number Answered
Your Score History
You have not taken this quiz since the last reset